<?xml version="1.0" encoding="UTF-8"?>
<record
    xmlns:xsi="http://www.w3.org/2001/XMLSchema-instance"
    xsi:schemaLocation="http://www.loc.gov/MARC21/slim http://www.loc.gov/standards/marcxml/schema/MARC21slim.xsd"
    xmlns="http://www.loc.gov/MARC21/slim">

  <leader>01017nam a2200229 i 4500</leader>
  <controlfield tag="001">164854</controlfield>
  <controlfield tag="003">ES-MaACL</controlfield>
  <controlfield tag="005">20250723061852.0</controlfield>
  <controlfield tag="008">990108m18401851fr           |||| | fre d</controlfield>
  <datafield tag="040" ind1=" " ind2=" ">
    <subfield code="a">CCPB | B </subfield>
    <subfield code="b">spa </subfield>
    <subfield code="c">CCPB | B</subfield>
  </datafield>
  <datafield tag="100" ind1="1" ind2=" ">
    <subfield code="a">Savigny, Friedrich Carl von,</subfield>
    <subfield code="d">1779-1861</subfield>
    <subfield code="9">104070</subfield>
  </datafield>
  <datafield tag="245" ind1="1" ind2="0">
    <subfield code="a">Trait&#xE9; de droit romain / </subfield>
    <subfield code="c">par M. F. C. de Savigny ; traduit de l&#xB4;allemand par M. Ch. Guenoux.</subfield>
  </datafield>
  <datafield tag="260" ind1=" " ind2=" ">
    <subfield code="a">Paris : </subfield>
    <subfield code="b">Firmin Didot Fr&#xE8;res, Libraires, </subfield>
    <subfield code="c">1840-1851.</subfield>
  </datafield>
  <datafield tag="300" ind1=" " ind2=" ">
    <subfield code="a">8 v. ; </subfield>
    <subfield code="c">21 cm.</subfield>
  </datafield>
  <datafield tag="597" ind1=" " ind2=" ">
    <subfield code="a">Antep.</subfield>
  </datafield>
  <datafield tag="597" ind1=" " ind2=" ">
    <subfield code="a">Texto con apostillas marginales.</subfield>
  </datafield>
  <datafield tag="650" ind1="0" ind2="7">
    <subfield code="a">Derecho romano</subfield>
    <subfield code="2">embne</subfield>
    <subfield code="9">11764</subfield>
  </datafield>
  <datafield tag="700" ind1="1" ind2=" ">
    <subfield code="a">Guenoux, Charles.</subfield>
    <subfield code="9">127597</subfield>
  </datafield>
  <datafield tag="852" ind1=" " ind2=" ">
    <subfield code="a">ES-MaACL</subfield>
    <subfield code="j">F-14153-60 </subfield>
    <subfield code="z">-- Enc. pasta espa&#xF1;oal </subfield>
    <subfield code="q">-- Falto de la port. el t.III </subfield>
    <subfield code="x">-- Edic.: T.I, 1840 (XLVI, 421 p.) - T.II, 1841 (504 p.) - T.III, (VII, 404 p.) - T.IV, 1845 (613 p.) - T.V, 1846 (621 p.) - T.VI, 1849 (528 p.) - T.VII, 1850 (307 p.) - T.VIII, 1851 (532 p.)</subfield>
  </datafield>
  <datafield tag="999" ind1=" " ind2=" ">
    <subfield code="c">164854</subfield>
    <subfield code="d">164854</subfield>
  </datafield>
  <datafield tag="952" ind1=" " ind2=" ">
    <subfield code="0">0</subfield>
    <subfield code="1">0</subfield>
    <subfield code="4">0</subfield>
    <subfield code="7">0</subfield>
    <subfield code="8">LIBXIX</subfield>
    <subfield code="a">ATENEOM</subfield>
    <subfield code="b">ATENEOM</subfield>
    <subfield code="c">SPP2</subfield>
    <subfield code="d">2008-01-17</subfield>
    <subfield code="l">0</subfield>
    <subfield code="o">F-14153-60</subfield>
    <subfield code="p">1172815</subfield>
    <subfield code="r">2023-02-23 00:00:00</subfield>
    <subfield code="w">2023-02-23</subfield>
    <subfield code="y">MONANT</subfield>
  </datafield>
</record>
